| Tag |
First Indicator |
Second Indicator |
Subfields |
| LEADER |
00000cam a2200000Ia 4500 |
| 001 |
in00002782667 |
| 005 |
20211120170433.0 |
| 006 |
m o d f |
| 007 |
cr mn||||||||| |
| 008 |
120608s2012 dcu obs f000 0 eng d |
| 035 |
|
|
|a (OCoLC)ocn794973562
|
| 040 |
|
|
|a ZCY
|c ZCY
|d GPO
|d MvI
|d UtOrBLW
|
| 043 |
|
|
|a n-us---
|
| 049 |
|
|
|a WWW
|
| 074 |
|
|
|a 0717-R-01 (online)
|
| 086 |
0 |
|
|a J 29.2:SE 9/6
|
| 088 |
|
|
|a NCJ 237363
|
| 100 |
1 |
|
|a Beck, Allen J.
|
| 245 |
1 |
0 |
|a Sexual victimization reported by former state prisoners, 2008 /
|c Allen J. Beck, Candace Johnson.
|
| 246 |
1 |
|
|i At head of title:
|a National former prisoner survey, 2008
|
| 264 |
|
1 |
|a [Washington, D.C.] :
|b U.S. Dept. of Justice, Office of Justice Programs, Bureau of Justice Statistics,
|c [2012]
|
| 300 |
|
|
|a 1 online resource (51 pages)
|
| 336 |
|
|
|a text
|b txt
|2 rdacontent
|
| 337 |
|
|
|a computer
|b c
|2 rdamedia
|
| 338 |
|
|
|a online resource
|b cr
|2 rdacarrier
|
| 500 |
|
|
|a Title from title screen (viewed on June 8, 2012).
|
| 500 |
|
|
|a Chiefly statistics.
|
| 500 |
|
|
|a "May 2012, NCJ 237363."
|
| 504 |
|
|
|a Includes bibliographical references.
|
| 500 |
|
|
|a Electronic resource.
|
| 650 |
|
0 |
|a Prison violence
|z United States
|x States.
|
| 650 |
|
0 |
|a Rape
|z United States
|x States
|v Statistics.
|
| 650 |
|
0 |
|a Sexual harassment
|z United States
|x States
|v Statistics.
|
| 650 |
|
0 |
|a Prisoners
|x Sexual behavior
|z United States
|x States
|v Statistics.
|
| 650 |
|
0 |
|a Correctional personnel
|x Sexual behavior
|z United States
|x States
|v Statistics.
|
| 700 |
1 |
|
|a Johnson, Candace.
|
| 710 |
1 |
|
|a United States.
|b Bureau of Justice Statistics.
|
| 856 |
4 |
0 |
|u https://purl.fdlp.gov/GPO/gpo29057
|t 0
|
| 999 |
|
|
|a MARS
|
| 999 |
f |
f |
|s eea8e695-f63d-31ad-a6e0-a7197183f480
|i 9d3761be-d6fc-3161-a8b6-b43b7c6fbd52
|t 0
|
| 952 |
f |
f |
|a Texas A&M University
|b College Station
|c Electronic Resources
|d Available Online
|t 0
|e J 29.2:SE 9/6
|h Superintendent of Documents classification
|
| 998 |
f |
f |
|a J 29.2:SE 9/6
|t 0
|l Available Online
|